000 00987cab a2200193 4500
001 ##L131339
008 051021n2005 000 0 eng u
035 _a(Sirsi) u131339
041 0 _aeng
100 1 _aFrench, Nick
245 4 _aThe little red book
260 3 _c2005
490 0 _aEstates Gazette
_v(0541) 15 October 2005, 200-201(2)
520 _aFirst part of a two part "Mainly for students" article on the art and science of valuation. Explains what a valuation is and why it matters. States that any valuation carried out by a RICS member must be in accordance with the current edition of the "RICS appraisal and valuation standards" (ISBN 1842191233) and describes some of its salient features. Considers what preparations a surveyor should make before commencing the valuation process. Includes a further reading list.
590 _aIKA251005
650 2 4 _aRICS appraisal and valuation standards
690 _aPROPERTY-PROPERTY VALUATION AND APPRAISAL
942 _n0
999 _c76049
_d76049